| 000 | 00773cam a2200229 a 4500 | ||
|---|---|---|---|
| 001 | 000005957 | ||
| 005 | 20200929151847.0 | ||
| 008 | 731005s1969 mx a 001 0 spa | ||
| 040 |
_aDO-SdBNP _cOCU _dDLC |
||
| 082 |
_a985 _bS684a |
||
| 100 | 1 |
_aSolc, Vaclav. _916773 |
|
| 245 | 1 | 4 |
_aLos aymaras de las islas del Titicaca / _cVáclav Solc. |
| 260 |
_aMéxico : _bInstituto Indigenista Interamericano, _c1969. |
||
| 300 |
_ax, 194 p. : _bil. ; _c19 cm. |
||
| 490 | 1 |
_aAntropología social _vno. 12 |
|
| 504 | _aIncluye bibliografía: p. 193-194. | ||
| 650 | 4 |
_aIndios aymaras _916774 |
|
| 650 | 4 |
_aAymaras _xVida social y costumbres _916775 |
|
| 650 | 4 |
_aIndios de bolívia _916776 |
|
| 830 | 0 |
_aAntropología social, _vno. 12 _916772 |
|
| 910 | _aCatalogación por copia / LC | ||
| 999 |
_c5753 _d5753 |
||